[Event "Open Stare Mesto"]
[Site "?"]
[Date "2003.08.08"]
[Round "1"]
[White "Koutny, P.."]
[Black "Grabarczyk, M.."]
[Result "0-1"]
[WhiteElo "2508"]
[BlackElo "2062"]
[PlyCount "50"]
[EventDate "2003.08.08"]
[SourceDate "2003.08.08"]

1. e4 e5 2. Nf3 Nc6 3. Bb5 Nf6 4. d3 d6 5. O-O a6 6. Ba4 g6 7. c3 Bg7 8. Re1
O-O 9. Nbd2 h6 10. Nf1 Nh5 11. Be3 f5 12. Bxc6 bxc6 13. exf5 Bxf5 14. Qb3+ Kh7
15. Qc4 Qd7 16. d4 e4 17. N3d2 g5 18. Ng3 d5 19. Qa4 Nf4 20. Nb3 Bh3 21. Nc5
Qg4 22. gxh3 Qxh3 23. Bxf4 gxf4 24. Kh1 fxg3 25. fxg3 Rf2 0-1

[Event "Open Stare Mesto"]
[Site "?"]
[Date "2003.08.08"]
[Round "1"]
[White "Vesselovsky, S.."]
[Black "Obrochta, B.."]
[Result "1/2-1/2"]
[WhiteElo "2444"]
[BlackElo "2060"]
[PlyCount "60"]
[SourceDate "2003.08.08"]

1. e4 c6 2. d4 d5 3. Nc3 dxe4 4. Nxe4 Bf5 5. Ng3 Bg6 6. Nf3 Nd7 7. h4 h6 8. h5
Bh7 9. Bd3 Bxd3 10. Qxd3 Ngf6 11. Bf4 e6 12. O-O-O Nd5 13. Bd2 Be7 14. Kb1 Qc7
15. c4 N5f6 16. Ne4 Nxe4 17. Qxe4 Nf6 18. Qe2 O-O-O 19. g3 Rhe8 20. Bf4 Bd6 21.
Ne5 Re7 22. Bd2 c5 23. Nd3 Red7 24. Rhe1 b6 25. Ne5 Bxe5 26. dxe5 Ne4 27. Qxe4
Rxd2 28. Qa8+ Qb8 29. Qc6+ Qc7 30. Qa8+ Qb8 1/2-1/2

[Event "Open Stare Mesto"]
[Site "?"]
[Date "2003.08.08"]
[Round "1"]
[White "Foukal, F.."]
[Black "Grabarczyk, B.."]
[Result "0-1"]
[WhiteElo "2049"]
[BlackElo "2444"]
[PlyCount "68"]
[SourceDate "2003.08.08"]

1. e4 c5 2. Nf3 b6 3. d4 cxd4 4. Nxd4 Bb7 5. Nc3 a6 6. f4 d6 7. Bc4 e6 8. a4
Nd7 9. O-O Ngf6 10. Bxe6 fxe6 11. Nxe6 Qc8 12. Nxf8 Rxf8 13. Qxd6 Qc5+ 14. Qxc5
Nxc5 15. e5 Nfe4 16. Nxe4 Bxe4 17. Rf2 g5 18. Be3 gxf4 19. Raf1 Rc8 20. Bxf4
Ne6 21. c3 Bd3 22. Bh6 Bxf1 23. Bxf8 Bxg2 24. Kxg2 Nxf8 25. Rf6 Nd7 26. Rh6 Rc5
27. e6 Rg5+ 28. Kf3 Nc5 29. Rxh7 Nxa4 30. Kf4 Rb5 31. h4 Nxb2 32. h5 Nd3+ 33.
Kg4 Re5 34. Rd7 Nc5 0-1

[Event "Open Stare Mesto"]
[Site "?"]
[Date "2003.08.08"]
[Round "1"]
[White "Zpevak, M.."]
[Black "Sosna, J.."]
[Result "0-1"]
[WhiteElo "1993"]
[BlackElo "2428"]
[PlyCount "132"]
[SourceDate "2003.08.08"]

1. e4 e5 2. Nf3 Nc6 3. Bb5 Nf6 4. O-O Bc5 5. c3 O-O 6. d4 Bb6 7. Bxc6 dxc6 8.
Nxe5 Nxe4 9. Nd2 Nxd2 10. Bxd2 c5 11. Nc4 cxd4 12. Nxb6 axb6 13. cxd4 Qxd4 14.
Bc3 Qxd1 15. Rfxd1 Be6 16. a3 Rfd8 17. Be5 Rdc8 18. Rac1 c6 19. Rd6 Re8 20. Re1
b5 21. f3 Rad8 22. Kf2 Rxd6 23. Bxd6 Rd8 24. Be5 Kf8 25. f4 Rd7 26. Bc3 b6 27.
h3 h5 28. Kg3 Bd5 29. Kf2 f6 30. f5 Ra7 31. g4 hxg4 32. hxg4 Kf7 33. Kg3 Ra4
34. Rd1 Ke7 35. Bd4 Ra6 36. g5 fxg5 37. Bxg7 Kf7 38. Be5 Ra4 39. Rd4 Ra8 40.
Kg4 Re8 41. Bc7 Kf6 42. Bxb6 Rh8 43. Kg3 Kxf5 44. Rd2 g4 45. Rh2 Re8 46. Rh5+
Kg6 47. Kh4 Bf3 48. Rg5+ Kf7 49. Bd4 Re2 50. Re5 Rh2+ 51. Kg5 Rd2 52. Bc3 Rd3
53. Bb4 Rd7 54. Rf5+ Ke6 55. Rf6+ Kd5 56. Kf4 Kc4 57. Kg3 Rd3 58. Rf4+ Kb3 59.
Bc3 Rxc3 60. bxc3 Kxa3 61. Rb4 Be2 62. Kf2 Bc4 63. Ke3 Ka2 64. Kd4 g3 65. Kc5
g2 66. Kxc6 g1=Q 0-1

[Event "Open Stare Mesto"]
[Site "?"]
[Date "2003.08.08"]
[Round "1"]
[White "Zpevak, P.."]
[Black "Partys, P.."]
[Result "1-0"]
[WhiteElo "2405"]
[BlackElo "1961"]
[PlyCount "65"]
[SourceDate "2003.08.08"]

1. Nf3 Nf6 2. d4 d5 3. c4 e6 4. Nc3 Nbd7 5. Bg5 c6 6. e3 Qa5 7. Nd2 Bb4 8. Qc2
dxc4 9. Bxf6 Nxf6 10. Nxc4 Qc7 11. Bd3 Bd7 12. a3 Bxc3+ 13. Qxc3 O-O 14. Ne5
Rac8 15. Rc1 Rfd8 16. O-O Be8 17. f4 Nd5 18. Qe1 Qe7 19. b4 f6 20. Nf3 Bg6 21.
Bc4 Rc7 22. Nd2 Kh8 23. Qf2 Nb6 24. Ba2 Rcd7 25. Nb3 Bd3 26. Rfd1 Bg6 27. Nc5
Rd6 28. Rf1 Bf7 29. Qh4 Rb8 30. Bb1 g6 31. Ne4 Nd5 32. Nxd6 Qxd6 33. e4 1-0

[Event "Open Stare Mesto"]
[Site "?"]
[Date "2003.08.08"]
[Round "1"]
[White "Badacova, I.."]
[Black "Johansson, J.."]
[Result "0-1"]
[WhiteElo "1921"]
[BlackElo "2396"]
[PlyCount "70"]
[SourceDate "2003.08.08"]

1. e4 g6 2. Nf3 Bg7 3. d4 d6 4. Nc3 a6 5. Be3 b5 6. a3 Bb7 7. Bd3 Nd7 8. O-O
Ngf6 9. h3 O-O 10. Qd2 e5 11. dxe5 dxe5 12. Bh6 Re8 13. Bxg7 Kxg7 14. Qe3 Qe7
15. Rad1 Qc5 16. Rfe1 Rad8 17. Nd2 Qxe3 18. Rxe3 Nc5 19. f3 Ne6 20. g3 c5 21.
Be2 Nd4 22. Rc1 c4 23. Kf2 Nd7 24. b4 f5 25. Bf1 f4 26. Ree1 fxg3+ 27. Kxg3 Nf6
28. Ne2 Rf8 29. Bg2 Nh5+ 30. Kf2 Nxe2 31. Rxe2 Nf4 32. Nf1 Nxe2 33. Kxe2 Rd6
34. h4 h5 35. Bh3 Rf4 0-1

[Event "Open Stare Mesto"]
[Site "?"]
[Date "2003.08.09"]
[Round "2"]
[White "Grabarczyk, M.."]
[Black "Rachela, M.."]
[Result "1-0"]
[WhiteElo "2508"]
[BlackElo "2213"]
[PlyCount "85"]
[EventDate "2003.08.08"]
[SourceDate "2003.08.08"]

1. d4 Nf6 2. c4 c5 3. d5 b5 4. cxb5 a6 5. b6 e6 6. Nc3 Nxd5 7. Nxd5 exd5 8.
Qxd5 Nc6 9. Nf3 Rb8 10. g3 Rxb6 11. Bg2 Be7 12. O-O O-O 13. b3 a5 14. Bg5 Nb4
15. Qd2 d6 16. Rfd1 Bf5 17. Rac1 Be4 18. Bxe7 Qxe7 19. a3 Nc6 20. Qxd6 Qxd6 21.
Rxd6 Nd4 22. Rxb6 Nxe2+ 23. Kf1 Nxc1 24. Ne5 f5 25. Nc4 Bxg2+ 26. Kxg2 f4 27.
gxf4 a4 28. bxa4 Rxf4 29. Ne5 h5 30. Rb8+ Kh7 31. Rh8+ Kxh8 32. Ng6+ Kh7 33.
Nxf4 Nb3 34. Kf3 Kh6 35. Ke4 g6 36. Ne2 h4 37. Kd5 Kh5 38. Kc4 Na5+ 39. Kb5 Nb7
40. a5 Kg4 41. a6 Nd6+ 42. Kxc5 Nc8 43. Ng1 1-0

[Event "Open Stare Mesto"]
[Site "?"]
[Date "2003.08.09"]
[Round "2"]
[White "Grabarczyk, B.."]
[Black "Blumel, O.."]
[Result "1/2-1/2"]
[WhiteElo "2444"]
[BlackElo "2208"]
[PlyCount "30"]
[SourceDate "2003.08.08"]

1. e4 c5 2. Nf3 Nf6 3. e5 Nd5 4. Nc3 e6 5. Ne4 f5 6. exf6 Nxf6 7. Neg5 Be7 8.
d4 cxd4 9. Qxd4 Nc6 10. Qh4 Nb4 11. Nd4 e5 12. Nf5 O-O 13. Bc4+ d5 14. Nxe7+
Qxe7 15. Bb3 Bf5 1/2-1/2

[Event "Open Stare Mesto"]
[Site "?"]
[Date "2003.08.09"]
[Round "2"]
[White "Sosna, J.."]
[Black "Gruca, M.."]
[Result "1-0"]
[WhiteElo "2428"]
[BlackElo "2180"]
[PlyCount "117"]
[SourceDate "2003.08.08"]

1. d4 d5 2. Nf3 Nf6 3. Bf4 Bf5 4. Nbd2 c6 5. c4 e6 6. Qb3 Qb6 7. c5 Qxb3 8.
axb3 Nbd7 9. h3 Be7 10. e3 O-O 11. b4 a6 12. Be2 Ne4 13. Nb3 Rfe8 14. O-O Bg6
15. Ra2 Bf6 16. Na5 Ra7 17. Bc7 Bd8 18. Bxd8 Rxd8 19. Rfa1 f6 20. Nb3 Raa8 21.
b5 cxb5 22. Bxb5 Rac8 23. Be2 Nb8 24. Na5 Rc7 25. Ra3 Nc6 26. Nxc6 Rxc6 27. b4
Be8 28. b5 axb5 29. Bxb5 Rcc8 30. Bd3 Bc6 31. Ne1 e5 32. Nc2 g6 33. Nb4 Rc7 34.
Ra7 Rdd7 35. Ra8+ Kg7 36. Rb8 Ng5 37. Be2 Re7 38. Kf1 exd4 39. exd4 Ne4 40. Ra3
Nd2+ 41. Ke1 Nc4 42. Ra7 Rcd7 43. Nxc6 bxc6 44. Rxd7 Rxd7 45. Kd1 Na5 46. Kc2
Nb7 47. Kc3 Nd8 48. Bd1 Ne6 49. Rc8 Rc7 50. Rxc7+ Nxc7 51. Ba4 Kf7 52. Bxc6 Ke7
53. Kb4 Kd8 54. Ka5 Kc8 55. Kb6 f5 56. f4 h6 57. h4 Ne6 58. Bb7+ Kb8 59. Bxd5
1-0

[Event "Open Stare Mesto"]
[Site "?"]
[Date "2003.08.09"]
[Round "2"]
[White "Kludacz, M.."]
[Black "Zpevak, P.."]
[Result "1-0"]
[WhiteElo "2209"]
[BlackElo "2405"]
[PlyCount "77"]
[SourceDate "2003.08.08"]

1. d4 Nf6 2. c4 e6 3. Nf3 d5 4. cxd5 exd5 5. Nc3 c6 6. Bg5 Be7 7. Qc2 g6 8. e3
Bf5 9. Bd3 Bxd3 10. Qxd3 O-O 11. O-O Nbd7 12. Rab1 a5 13. Rfc1 Re8 14. Qc2 Bd6
15. a3 Qe7 16. Bh4 Qf8 17. Bg3 Bxg3 18. hxg3 Ng4 19. b4 Ndf6 20. Nd2 b5 21. Nf1
Re6 22. Ne2 Nd7 23. Nf4 Rd6 24. Nd3 Nb6 25. Nc5 a4 26. f3 Nf6 27. Qf2 Re8 28.
Nd2 Qh6 29. Rc3 Qg7 30. Rd1 Re7 31. e4 dxe4 32. Ndxe4 Nxe4 33. fxe4 Nc4 34.
Rdd3 f6 35. Qf4 Rd8 36. Nxa4 f5 37. exf5 gxf5 38. Rd1 Re4 39. Qxf5 1-0

[Event "Open Stare Mesto"]
[Site "?"]
[Date "2003.08.09"]
[Round "2"]
[White "Johansson, J.."]
[Black "Valenta, V.."]
[Result "1-0"]
[WhiteElo "2396"]
[BlackElo "2176"]
[PlyCount "73"]
[SourceDate "2003.08.08"]

1. d4 Nf6 2. Nf3 g6 3. c4 Bg7 4. Nc3 O-O 5. Bg5 h6 6. Bh4 d6 7. h3 Nbd7 8. Qc2
c6 9. Rd1 Qa5 10. e3 e5 11. Be2 Re8 12. O-O Nf8 13. dxe5 dxe5 14. a3 Bf5 15.
Qc1 Qc7 16. Bxf6 Bxf6 17. e4 Bc8 18. Qxh6 Ne6 19. Qe3 Nf4 20. Nh2 Be6 21. c5
Nxe2+ 22. Nxe2 Rad8 23. Ng4 Bg7 24. Qg5 Bc4 25. Qe3 f5 26. Nh2 f4 27. Qf3 Qa5
28. Rc1 Qb5 29. Rfe1 Rd3 30. Qg4 Bf7 31. Nf3 Bf6 32. Nxf4 exf4 33. e5 Rxf3 34.
exf6 Rd3 35. Rxe8+ Bxe8 36. Re1 Rd8 37. Rxe8+ 1-0

[Event "Open Stare Mesto"]
[Site "?"]
[Date "2003.08.09"]
[Round "2"]
[White "Buran, J.."]
[Black "Civin, T.."]
[Result "1/2-1/2"]
[WhiteElo "2203"]
[BlackElo "2383"]
[PlyCount "56"]
[SourceDate "2003.08.08"]

1. d4 Nf6 2. Nf3 g6 3. c3 Bg7 4. Bg5 Ne4 5. Bh4 d5 6. Nbd2 O-O 7. e3 f5 8. Ne5
c6 9. f3 Nxd2 10. Qxd2 Nd7 11. Nxd7 Bxd7 12. Bg3 g5 13. h4 g4 14. Be5 Rf7 15.
Bxg7 Rxg7 16. f4 Be6 17. g3 Qd6 18. Bg2 Kf7 19. O-O Rgg8 20. Rfd1 Rgb8 21. Qc2
b5 22. Bf1 a5 23. Rdc1 Bd7 24. Be2 Kf6 25. Qd2 b4 26. c4 Be6 27. c5 Qc7 28. Bd3
Bc8 1/2-1/2

[Event "Open Stare Mesto"]
[Site "?"]
[Date "2003.08.09"]
[Round "2"]
[White "Dobrev, N.."]
[Black "Vavruska, A.."]
[Result "0-1"]
[WhiteElo "2382"]
[BlackElo "2133"]
[PlyCount "112"]
[SourceDate "2003.08.08"]

1. d4 e6 2. Nf3 f5 3. Nc3 Bb4 4. Qd3 Nf6 5. a3 Bxc3+ 6. Qxc3 d6 7. h3 O-O 8. g4
Ne4 9. Qb3 f4 10. Qd3 d5 11. Bg2 b6 12. c3 Ba6 13. Qc2 Nd7 14. h4 c5 15. g5 Qe7
16. e3 cxd4 17. Nxd4 Ndc5 18. Bf1 Bxf1 19. Rxf1 e5 20. Nb3 Qe6 21. exf4 Nxb3
22. Qxb3 exf4 23. Kd1 Rad8 24. Bd2 Qg4+ 25. Kc1 Qe2 26. Qd1 Qd3 27. Rg1 d4 28.
Qc2 Qf3 29. Re1 Nxf2 30. Kb1 d3 31. Qa4 Ng4 32. Re7 Ne3 33. Ka2 Qd5+ 34. Qb3
Nc4 35. Rd1 f3 36. Ree1 f2 37. Rf1 b5 38. Ka1 a6 39. h5 Kh8 40. h6 g6 41. Qb4
Rf7 42. b3 Nxd2 43. Rxd2 Qxg5 44. Qa5 Re8 45. Rdd1 Qxh6 46. Qxa6 d2 47. Qxb5
Re1 48. Qd3 Qh5 49. Qd8+ Kg7 50. Qd4+ Kg8 51. Kb2 Rxd1 52. Rxd1 Qxd1 53. Qd8+
Kg7 54. Qd4+ Rf6 55. Qa7+ Kh6 56. Qe3+ g5 0-1

[Event "Open Stare Mesto"]
[Site "?"]
[Date "2003.08.09"]
[Round "2"]
[White "Medunova, V.."]
[Black "Mudrak, J.."]
[Result "0-1"]
[WhiteElo "2180"]
[BlackElo "2379"]
[PlyCount "76"]
[SourceDate "2003.08.08"]

1. e4 c5 2. Nf3 Nc6 3. d4 cxd4 4. Nxd4 Nf6 5. Nc3 e5 6. Ndb5 d6 7. Nd5 Nxd5 8.
exd5 Nb8 9. c4 Be7 10. Qa4 O-O 11. Be2 f5 12. O-O f4 13. f3 Bd7 14. Bd2 Qb6+
15. Kh1 a6 16. Rac1 axb5 17. Qxa8 Na6 18. Ba5 Qxa5 19. Qa7 Qd2 20. cxb5 Qxe2
21. bxa6 Qxa6 22. Qxa6 bxa6 23. Rc7 Bb5 24. Rfc1 Bf6 25. b3 e4 26. fxe4 f3 27.
gxf3 Be2 28. Kg2 Be5 29. R1c6 Bxf3+ 30. Kf2 Bxe4+ 31. Ke3 Bxd5 32. Rxa6 Bxh2
33. b4 h5 34. b5 h4 35. b6 h3 36. Raa7 Be5 37. Ra4 h2 38. Rc1 Bf4+ 0-1

[Event "Open Stare Mesto"]
[Site "?"]
[Date "2003.08.09"]
[Round "2"]
[White "Jaworski, M.."]
[Black "Armstrong, M.."]
[Result "1-0"]
[WhiteElo "2377"]
[BlackElo "2126"]
[PlyCount "107"]
[SourceDate "2003.08.08"]

1. d4 d5 2. c4 e6 3. Nf3 Nf6 4. Nc3 Be7 5. Bg5 O-O 6. e3 h6 7. Bh4 Ne4 8. Bxe7
Qxe7 9. Rc1 Nxc3 10. Rxc3 c6 11. Bd3 Nd7 12. O-O dxc4 13. Bxc4 b6 14. Bd3 c5
15. Be4 Rb8 16. Qc2 Bb7 17. Bxb7 Rxb7 18. dxc5 Nxc5 19. b4 Na6 20. a3 Rc7 21.
Ne5 Rfc8 22. Nc6 Qe8 23. b5 Nc5 24. a4 a5 25. Rc1 Qf8 26. h3 g6 27. Rc4 Kh7 28.
e4 Qh8 29. Rd1 Qf8 30. e5 Rd7 31. Rxd7 Nxd7 32. Qd2 Nc5 33. Qd6 Qxd6 34. exd6
Nd7 35. Nxa5 Rxc4 36. Nxc4 Kg7 37. f4 f6 38. Kf2 e5 39. fxe5 fxe5 40. a5 bxa5
41. b6 a4 42. b7 Nb8 43. Nxe5 Kf6 44. Nc4 Ke6 45. Ke3 a3 46. Nxa3 Kxd6 47. Kd4
Nc6+ 48. Ke4 Ke6 49. Nc4 Nb8 50. Ne5 g5 51. g4 Na6 52. Nd3 Nb8 53. Nb4 Nd7 54.
Na6 1-0

[Event "Open Stare Mesto"]
[Site "?"]
[Date "2003.08.09"]
[Round "2"]
[White "Shanel, J.."]
[Black "Kotan, L.."]
[Result "0-1"]
[WhiteElo "2162"]
[BlackElo "2369"]
[PlyCount "102"]
[SourceDate "2003.08.08"]

1. e4 e5 2. Nf3 Nc6 3. Bb5 a6 4. Ba4 Nf6 5. d3 b5 6. Bb3 Be7 7. O-O d6 8. h3
Na5 9. Nc3 Nxb3 10. axb3 Bb7 11. Bd2 c5 12. Bg5 Nh5 13. Be3 g6 14. g4 Nf4 15.
Bxf4 exf4 16. Nd5 g5 17. d4 h5 18. dxc5 dxc5 19. Ne5 Bd6 20. Nf3 hxg4 21. hxg4
Bc8 22. e5 Be7 23. Re1 Bxg4 24. Nf6+ Bxf6 25. exf6+ Kf8 26. Qxd8+ Rxd8 27. Ne5
Bc8 28. Rad1 Re8 29. Rd7 Kg8 30. Re7 Rxe7 31. fxe7 Kg7 32. Nc4 Bb7 33. f3 bxc4
34. e8=Q Rxe8 35. Rxe8 cxb3 36. Re5 f6 37. Rxc5 Bxf3 38. c4 g4 39. Kh2 Kg6 40.
Ra5 Bb7 41. Ra3 g3+ 42. Kh3 Bc8+ 43. Kg2 Kg5 44. c5 Kg4 45. Ra4 Bb7+ 46. Kg1
Kf5 47. Rc4 Bc6 48. Rc3 f3 49. Rxb3 Ke4 50. Rb8 f2+ 51. Kf1 Bd5 0-1

[Event "Open Stare Mesto"]
[Site "?"]
[Date "2003.08.09"]
[Round "2"]
[White "Michenka, J.."]
[Black "Przybylka, D.."]
[Result "1-0"]
[WhiteElo "2357"]
[BlackElo "2113"]
[PlyCount "117"]
[SourceDate "2003.08.08"]

1. d4 d5 2. c4 Nc6 3. Nf3 Bg4 4. Nc3 Bxf3 5. exf3 Nf6 6. Bg5 e6 7. cxd5 exd5 8.
Qe2+ Qe7 9. Bxf6 gxf6 10. Nxd5 Qxe2+ 11. Bxe2 O-O-O 12. Nxf6 Bb4+ 13. Kf1 Rxd4
14. Bb5 Rhd8 15. g3 Ne5 16. Kg2 c6 17. f4 Ng6 18. Be2 Rd2 19. Bg4+ Kc7 20. Rab1
R8d4 21. Rhd1 Bf8 22. Nxh7 Bc5 23. Rf1 f5 24. Bf3 Rc4 25. Ng5 Nf8 26. Bd1 Rb4
27. Bb3 a5 28. Nf3 Re2 29. Nh4 a4 30. Bd1 Rd2 31. a3 Rbxb2 32. Rxb2 Rxb2 33.
Bxa4 b5 34. Bd1 Bxa3 35. Nxf5 c5 36. h4 c4 37. Nd4 Bc5 38. Nxb5+ Rxb5 39. Be2
Rb4 40. Rc1 Rb2 41. Rxc4 Kd6 42. Re4 Ne6 43. h5 Nd4 44. Bg4 Nc2 45. Re6+ Kd5
46. Re5+ Kd6 47. h6 Ne3+ 48. Kh3 Nxg4 49. Kxg4 Bxf2 50. h7 Rb8 51. Re2 Bd4 52.
Rd2 Kd5 53. Kf5 Rf8+ 54. Kg6 Ra8 55. f5 Ke4 56. f6 Bxf6 57. Kxf6 Ra6+ 58. Kg5
Ra8 59. Rh2 1-0

[Event "Open Stare Mesto"]
[Site "?"]
[Date "2003.08.09"]
[Round "2"]
[White "Hodovsky, J.."]
[Black "Bazant, P. jr."]
[Result "0-1"]
[WhiteElo "2131"]
[BlackElo "2355"]
[PlyCount "54"]
[SourceDate "2003.08.08"]

1. e4 e5 2. Nf3 Nc6 3. Bb5 Nge7 4. Nc3 Ng6 5. d4 exd4 6. Nxd4 Bc5 7. Be3 Bxd4
8. Bxd4 Nxd4 9. Qxd4 O-O 10. O-O-O d6 11. h4 Nxh4 12. Rd3 Qg5+ 13. Kb1 Ng6 14.
Rg3 Qe5 15. Qd1 Be6 16. Rh5 Qf6 17. Qh1 h6 18. Ne2 Qxf2 19. Rf3 Qb6 20. Nf4 Bg4
21. Nd5 Qd4 22. Rxh6 Rae8 23. Bxe8 Rxe8 24. Rd3 Qf2 25. Rh2 Rxe4 26. Rd1 Bxd1
27. g3 Bxc2+ 0-1

[Event "Open Stare Mesto"]
[Site "?"]
[Date "2003.08.09"]
[Round "2"]
[White "Kocur, W.."]
[Black "Wiley, T.."]
[Result "1/2-1/2"]
[WhiteElo "2120"]
[BlackElo "2328"]
[PlyCount "79"]
[SourceDate "2003.08.08"]

1. c4 f5 2. Nc3 Nf6 3. g3 g6 4. Nf3 Bg7 5. Bg2 O-O 6. O-O d6 7. d4 Qe8 8. b3
Na6 9. Bb2 e5 10. e3 h6 11. dxe5 dxe5 12. Nd5 Nh5 13. Qd2 g5 14. Ne1 c6 15. Nc3
e4 16. f4 exf3 17. Nxf3 Nf6 18. Nd4 Ng4 19. Rae1 Qh5 20. h3 Ne5 21. Qe2 Qg6 22.
Na4 Bd7 23. Nf3 Rae8 24. Nxe5 Bxe5 25. Bxe5 Rxe5 26. Qd3 Qg7 27. Kh1 Rfe8 28.
Re2 Bc8 29. Qd4 c5 30. Qd2 Qe7 31. Nc3 Nc7 32. Rfe1 Rd8 33. Qc2 b6 34. Rd2 Re8
35. Rde2 Be6 36. Bc6 Rf8 37. Rf1 Bd7 38. Bxd7 Qxd7 39. Kh2 Rfe8 40. Ref2
1/2-1/2

[Event "Open Stare Mesto"]
[Site "?"]
[Date "2003.08.09"]
[Round "2"]
[White "Snyta, Z.."]
[Black "Vrana, F.."]
[Result "1/2-1/2"]
[WhiteElo "2101"]
[BlackElo "2300"]
[PlyCount "111"]
[SourceDate "2003.08.08"]

1. e4 g6 2. g3 Bg7 3. Bg2 c5 4. Ne2 Nc6 5. Nbc3 d6 6. O-O e6 7. d3 Nge7 8. Bg5
b5 9. e5 d5 10. Bf6 Bxf6 11. exf6 Nf5 12. Nxb5 a6 13. Na3 Qxf6 14. c4 Nce7 15.
cxd5 Nxd5 16. Nf4 Nfe7 17. Qa4+ Bd7 18. Qa5 O-O 19. Nxd5 Nxd5 20. Qxc5 Qxb2 21.
Qd6 Rfd8 22. Nc4 Qd4 23. Qa3 Bb5 24. Rac1 Rac8 25. Rfd1 Nc3 26. Qxc3 Qxc3 27.
Rxc3 Rxc4 28. Rxc4 Bxc4 29. Bf1 Rd4 30. a3 e5 31. f3 Ba2 32. Rc1 Ra4 33. Rc3
Kf8 34. Kf2 Ke7 35. Be2 Kd6 36. Bd1 Ra5 37. Ke3 Be6 38. Bc2 Bd5 39. d4 h6 40.
dxe5+ Kxe5 41. f4+ Kd6 42. h4 Rc5 43. Kd4 Rxc3 44. Kxc3 Kc5 45. Bd3 a5 46. Ba6
f6 47. Bd3 g5 48. Ba6 gxf4 49. gxf4 Ba2 50. Bf1 Bb1 51. Ba6 Bf5 52. Bc4 Bd7 53.
Bf1 Bb5 54. Bg2 Bc4 55. Bh3 Bd5 56. Bf1 1/2-1/2

[Event "Open Stare Mesto"]
[Site "?"]
[Date "2003.08.09"]
[Round "2"]
[White "Stehlik, J.."]
[Black "Volodin, V.."]
[Result "1-0"]
[WhiteElo "2089"]
[BlackElo "2283"]
[PlyCount "99"]
[SourceDate "2003.08.08"]

1. Nf3 d5 2. d4 e6 3. g3 c5 4. Bg2 Nf6 5. O-O Nc6 6. c4 dxc4 7. Qa4 Bd7 8. Qxc4
b5 9. Qd3 Rc8 10. dxc5 Bxc5 11. Nc3 b4 12. Ne4 Nxe4 13. Qxe4 Ne7 14. Ne5 Bb5
15. Qg4 Ng6 16. Nxg6 hxg6 17. Bf3 O-O 18. h4 Qd4 19. Qg5 Qf6 20. Qxf6 gxf6 21.
Bd2 Rfd8 22. Rfd1 Ba4 23. b3 Bb5 24. Rac1 a5 25. Kf1 Rd7 26. Be4 Rdc7 27. Ke1
Kf8 28. Bd3 Bxd3 29. exd3 Ke7 30. Ke2 Bd4 31. Rc4 Bb2 32. Be3 Bc3 33. g4 e5 34.
h5 f5 35. f3 f4 36. Bf2 Kd6 37. Rh1 g5 38. h6 Rh8 39. h7 f6 40. Rxc7 Kxc7 41.
Bc5 e4 42. dxe4 f5 43. gxf5 Rd8 44. Rh6 Rd2+ 45. Kf1 Rd1+ 46. Kg2 Rd2+ 47. Kh3
Rd1 48. Kg4 Rd2 49. Kxg5 Rxa2 50. f6 1-0

[Event "Open Stare Mesto"]
[Site "?"]
[Date "2003.08.09"]
[Round "2"]
[White "Kireev, A.."]
[Black "Hudacek, J.."]
[Result "1-0"]
[WhiteElo "2276"]
[BlackElo "2072"]
[PlyCount "59"]
[SourceDate "2003.08.08"]

1. d4 Nf6 2. Bg5 g6 3. Bxf6 exf6 4. e3 Bg7 5. Bd3 d6 6. h4 h5 7. Ne2 Nc6 8. c3
Ne7 9. Nd2 c6 10. g3 d5 11. Nf4 Qc7 12. c4 dxc4 13. Bxc4 Nf5 14. Rc1 Qe7 15. d5
Bd7 16. dxc6 Bxc6 17. Bd5 Bb5 18. Qb3 Ba6 19. Ne4 Rd8 20. Nc5 Rc8 21. Qa4+ b5
22. Qxa6 Rxc5 23. Bc6+ Kd8 24. Rd1+ Nd6 25. Bxb5 Bf8 26. b4 Rc2 27. O-O Qe5 28.
Rd5 Qb2 29. Rxd6+ Bxd6 30. Qxd6+ 1-0

[Event "Open Stare Mesto"]
[Site "?"]
[Date "2003.08.09"]
[Round "2"]
[White "Gattegno, L.."]
[Black "Kantorik, M.."]
[Result "0-1"]
[WhiteElo "2072"]
[BlackElo "2272"]
[PlyCount "68"]
[SourceDate "2003.08.08"]

1. d4 Nf6 2. c4 Nc6 3. Nf3 e6 4. Nc3 Bb4 5. Bg5 h6 6. Bh4 d6 7. Qc2 g5 8. Bg3
g4 9. d5 exd5 10. cxd5 Nxd5 11. Nd2 Nxc3 12. bxc3 Ba5 13. e3 Qf6 14. Ne4 Qe7
15. Bd3 Bd7 16. O-O O-O-O 17. Rfd1 Ne5 18. Bf1 h5 19. c4 Bc6 20. Rd5 Bxd5 21.
cxd5 h4 22. Bf4 Rhg8 23. Qa4 Bb6 24. Rb1 Kb8 25. Nc3 g3 26. h3 gxf2+ 27. Kxf2
Ng6 28. Rxb6 cxb6 29. Nb5 a6 30. Nd4 Nxf4 31. exf4 Rde8 32. Nf5 Qe1+ 33. Kg1
Re2 34. Nxh4 Qf2+ 0-1

[Event "Open Stare Mesto"]
[Site "?"]
[Date "2003.08.09"]
[Round "2"]
[White "Tazbir, M.."]
[Black "Stuchly, R.."]
[Result "1-0"]
[WhiteElo "2269"]
[BlackElo "2070"]
[PlyCount "71"]
[SourceDate "2003.08.08"]

1. e4 c5 2. Nf3 d6 3. d4 cxd4 4. Nxd4 Nf6 5. Nc3 g6 6. Be3 Bg7 7. f3 O-O 8. Qd2
Nc6 9. Bc4 Bd7 10. O-O-O Qa5 11. Bb3 Rfc8 12. Kb1 Ne5 13. Bg5 Nc4 14. Bxc4 Rxc4
15. Nb3 Qe5 16. Rhe1 Rxc3 17. bxc3 Rc8 18. f4 Qb5 19. e5 Ne8 20. Qd3 Qb6 21.
Bxe7 a5 22. Bxd6 Bf5 23. Qd4 Qb5 24. Qd5 Qb6 25. Bc5 Qc7 26. Bd4 a4 27. Nd2 b5
28. a3 Rd8 29. Qa2 Qc6 30. Rg1 Nc7 31. g4 Be6 32. Qb2 Nd5 33. f5 Bd7 34. Ne4
Nf4 35. e6 Qxe4 36. Bxg7 1-0

[Event "Open Stare Mesto"]
[Site "?"]
[Date "2003.08.09"]
[Round "2"]
[White "Kapusta, P.."]
[Black "Sitnik, I.."]
[Result "0-1"]
[WhiteElo "2070"]
[BlackElo "2258"]
[PlyCount "66"]
[SourceDate "2003.08.08"]

1. e4 c6 2. d4 d5 3. Nc3 dxe4 4. Nxe4 Nd7 5. Ng5 Ngf6 6. Bd3 e6 7. N1f3 Bd6 8.
Qe2 Qe7 9. O-O O-O 10. c3 h6 11. Ne4 Nxe4 12. Qxe4 Nf6 13. Qh4 Nh7 14. Qh5 f5
15. Ne5 Bxe5 16. dxe5 Rd8 17. Bc4 Qc5 18. Qe2 b6 19. b4 Qe7 20. Qf3 Qf7 21.
Qxc6 Bd7 22. Qf3 Rac8 23. Ba6 Bc6 24. Qg3 Rc7 25. Bxh6 Qh5 26. Be3 g5 27. f3
Rg7 28. Qf2 g4 29. fxg4 Qxg4 30. Rfe1 Bxg2 31. h4 Qh3 32. Qf4 Bb7+ 33. Kf2 Rg2+
0-1

[Event "Open Stare Mesto"]
[Site "?"]
[Date "2003.08.10"]
[Round "3"]
[White "Kireev, A.."]
[Black "Grabarczyk, M."]
[Result "1/2-1/2"]
[WhiteElo "2276"]
[BlackElo "2508"]
[PlyCount "64"]
[EventDate "2003.08.08"]
[SourceDate "2003.08.08"]

1. d4 d5 2. c4 c6 3. cxd5 cxd5 4. Nc3 Nf6 5. Bf4 Nc6 6. Nf3 a6 7. Rc1 Bf5 8. e3
Rc8 9. Be2 e6 10. O-O Nd7 11. Qb3 Qb6 12. Na4 Qxb3 13. axb3 f6 14. Bg3 Bg6 15.
Ne1 Be7 16. Nd3 Bxd3 17. Bxd3 Kf7 18. Bb1 Bb4 19. Rfd1 Ke7 20. Kf1 Na5 21. Ba2
Bd6 22. Ke2 Bxg3 23. hxg3 Kd6 24. Nc3 Nc6 25. Bb1 h6 26. f3 Rc7 27. Kd2 Rhc8
28. Ne2 Ndb8 29. Rc3 Na5 30. Bc2 Nac6 31. Bb1 Nb4 32. g4 N4c6 1/2-1/2

[Event "Open Stare Mesto"]
[Site "?"]
[Date "2003.08.10"]
[Round "3"]
[White "Kantorik, M.."]
[Black "Sosna, J.."]
[Result "0-1"]
[WhiteElo "2428"]
[BlackElo "2272"]
[PlyCount "72"]
[EventDate "2003.08.08"]
[SourceDate "2003.08.08"]

1. d4 d5 2. c4 e6 3. Nc3 c6 4. Nf3 dxc4 5. a4 Bb4 6. e3 b5 7. Bd2 a5 8. axb5
Bxc3 9. Bxc3 cxb5 10. b3 Bb7 11. bxc4 b4 12. Bb2 Nf6 13. Bd3 Nbd7 14. Qc2 O-O
15. O-O Qc7 16. Rfc1 Rfc8 17. e4 e5 18. c5 exd4 19. Bxd4 Qf4 20. Be3 Qg4 21. h3
Qh5 22. Nd2 Ne5 23. Bb5 Qg6 24. f4 b3 25. Qb2 Nc6 26. Qxb3 Nxe4 27. Nf3 Rab8
28. Qc4 Ng3 29. Kh2 Nf5 30. Bf2 Ncd4 31. Rxa5 Bxf3 32. gxf3 Nxf3+ 33. Kh1 Qh5
34. Kg2 N5h4+ 35. Kh1 Nd2 36. Qe2 Qd5+ 0-1

[Event "Open Stare Mesto"]
[Site "?"]
[Date "2003.08.10"]
[Round "3"]
[White "Tazbir, M.."]
[Black "Johansson, J.."]
[Result "0-1"]
[WhiteElo "2269"]
[BlackElo "2396"]
[PlyCount "64"]
[SourceDate "2003.08.08"]

1. e4 e6 2. d4 d5 3. Nc3 Bb4 4. e5 Qd7 5. Bd2 b6 6. Nb5 Bf8 7. c4 c6 8. Nc3
dxc4 9. Nf3 Ne7 10. Qc2 b5 11. Ne4 Nd5 12. a4 Na6 13. b3 Nab4 14. Qb1 cxb3 15.
Qxb3 a5 16. axb5 cxb5 17. Nc5 Bxc5 18. dxc5 O-O 19. Nd4 Qc7 20. Qg3 Qxc5 21.
Bh6 Qc3+ 22. Qxc3 Nxc3 23. Bd2 Nca2 24. Bxb5 Bb7 25. Bc4 Rfd8 26. Nxe6 fxe6 27.
Bxe6+ Kf8 28. Bxa2 Nc2+ 29. Ke2 Ba6+ 30. Kf3 Rxd2 31. Rac1 Nd4+ 32. Ke3 Rd3+
0-1